| 000 -CABECERA |
| Longitud fija campo de control |
00703nam a22002177a 4500 |
| 003 - IDENTIFICADOR DEL NÚMERO DE CONTROL |
| Identificador del número de control |
OSt |
| 005 - FECHA Y HORA DE LA ÚLTIMA TRANSACCIÓN |
| Fecha y hora de la última transacción |
20131031134959.0 |
| 008 - CÓDIGOS DE INFORMACIÓN DE LONGITUD FIJA |
| Códigos de información de longitud fija |
130619r19891988xxu||||| |||| 00| 0 eng d |
| 040 ## - FUENTE DE LA CATALOGACIÓN |
| Centro transcriptor |
CDMR |
| 100 1# - PUNTO DE ACCESO PRINCIPAL-NOMBRE DE PERSONA |
| 9 (RLIN) |
3835 |
| Nombre de persona |
Bassow, Whitman |
| 245 14 - MENCIÓN DE TÍTULO |
| Título |
The Moscow correspondents |
| Mención de responsabilidad, etc. |
Withman Bassow |
| Resto del título |
: reporting on Russia from the Revolution to Glasnost |
| 260 ## - PUBLICACIÓN, DISTRIBUCIÓN, ETC. (PIE DE IMPRENTA) |
| Lugar de publicación, distribución, etc. |
New York |
| Nombre del editor, distribuidor, etc. |
Paragon House |
| 260 ## - PUBLICACIÓN, DISTRIBUCIÓN, ETC. (PIE DE IMPRENTA) |
| Nombre del editor, distribuidor, etc. |
Morrow |
| Fecha de publicación, distribución, etc. |
1988 |
| 300 ## - DESCRIPCIÓN FÍSICA |
| Extensión |
385 p. |
| 490 0# - MENCIÓN DE SERIE |
| Mención de serie |
Journalism / Soviet studies |
| 650 04 - PUNTO DE ACCESO ADICIONAL DE MATERIA - TÉRMINO DE MATERIA |
| 9 (RLIN) |
2802 |
| Término de materia o nombre geográfico como elemento inicial |
Corresponsals estrangers |
| Subdivisión de forma |
Relats personals |
| 650 04 - PUNTO DE ACCESO ADICIONAL DE MATERIA - TÉRMINO DE MATERIA |
| 9 (RLIN) |
3074 |
| Término de materia o nombre geográfico como elemento inicial |
Periodistes |
| Subdivisión de forma |
Biografia |
| 650 04 - PUNTO DE ACCESO ADICIONAL DE MATERIA - TÉRMINO DE MATERIA |
| 9 (RLIN) |
4229 |
| Término de materia o nombre geográfico como elemento inicial |
Unió Soviètica |
| Subdivisión de materia general |
Història |
| 650 04 - PUNTO DE ACCESO ADICIONAL DE MATERIA - TÉRMINO DE MATERIA |
| 9 (RLIN) |
4217 |
| Término de materia o nombre geográfico como elemento inicial |
Revolucions |
| Subdivisión de materia general |
Cobertura periodística |
| 942 ## - ENTRADA DE ELEMENTOS AGREGADOS (KOHA) |
| Fuente de clasificaión o esquema |
|
| Koha [por defecto] tipo de item |
Monografies |